The effect of sukuk issuance on the liquidity of stock markets : (Record no. 46911)
[ view plain ]
| 000 -LEADER | |
|---|---|
| fixed length control field | 01332cam a2200265 a 4500 |
| 003 - CONTROL NUMBER IDENTIFIER | |
| control field | EG-GiCUC |
| 005 - DATE AND TIME OF LATEST TRANSACTION | |
| control field | 20250223031027.0 |
| 008 - FIXED-LENGTH DATA ELEMENTS--GENERAL INFORMATION | |
| fixed length control field | 140818s2013 ua f m 000 0 eng d |
| 040 ## - CATALOGING SOURCE | |
| Original cataloging agency | EG-GiCUC |
| Language of cataloging | eng |
| Transcribing agency | EG-GiCUC |
| 041 0# - LANGUAGE CODE | |
| Language code of text/sound track or separate title | eng |
| 049 ## - LOCAL HOLDINGS (OCLC) | |
| Holding library | Gift |
| 097 ## - Thesis Degree | |
| Thesis Level | M.Sc |
| 099 ## - LOCAL FREE-TEXT CALL NUMBER (OCLC) | |
| Classification number | Cai01.34.M.Sc.2013.Da.E |
| 100 0# - MAIN ENTRY--PERSONAL NAME | |
| Personal name | Dalia Ayman Elshiaty |
| 245 14 - TITLE STATEMENT | |
| Title | The effect of sukuk issuance on the liquidity of stock markets : |
| Remainder of title | Evidence from panel data / |
| Statement of responsibility, etc. | Dalia Ayman Elshiaty ; Supervised Ahmed Abdelmotelib Badawi |
| 260 ## - PUBLICATION, DISTRIBUTION, ETC. | |
| Place of publication, distribution, etc. | Cairo : |
| Name of publisher, distributor, etc. | Dalia Ayman Elshiaty , |
| Date of publication, distribution, etc. | 2013 |
| 300 ## - PHYSICAL DESCRIPTION | |
| Extent | 79 Leaves ; |
| Dimensions | 30cm |
| 502 ## - DISSERTATION NOTE | |
| Dissertation note | Thesis (M.Sc.) - German University - Faculty of Postgraduate Studies and Scientific Research - Department of Management |
| 520 ## - SUMMARY, ETC. | |
| Summary, etc. | The aim of this study is to examine the effect of sukuk issuance on the liquidity of stock markers, and to investigate whether this effect is moderated by the tenor of the sukuk and its nature as sovereign versus corporate sukuk. A fixed effects panel data regression is utilized to achieve this aim. The countries considered in the panel are Bahrain, Indonesia, Malaysia and Saudi Arabia |
| 700 0# - ADDED ENTRY--PERSONAL NAME | |
| Personal name | Ahmed Abdelmotelib Badawi , |
| Relator term | |
| 856 ## - ELECTRONIC LOCATION AND ACCESS | |
| Uniform Resource Identifier | <a href="http://172.23.153.220/th.pdf">http://172.23.153.220/th.pdf</a> |
| 905 ## - LOCAL DATA ELEMENT E, LDE (RLIN) | |
| Cataloger | Nazla |
| Reviser | Revisor |
| 905 ## - LOCAL DATA ELEMENT E, LDE (RLIN) | |
| Cataloger | Samia |
| Reviser | Cataloger |
| 942 ## - ADDED ENTRY ELEMENTS (KOHA) | |
| Source of classification or shelving scheme | Dewey Decimal Classification |
| Koha item type | Thesis |
| Source of classification or shelving scheme | Not for loan | Home library | Current library | Date acquired | Full call number | Barcode | Date last seen | Koha item type |
|---|---|---|---|---|---|---|---|---|
| Dewey Decimal Classification | المكتبة المركزبة الجديدة - جامعة القاهرة | قاعة الثقاقات الاجنبية - الدور الثالث | 11.02.2024 | Cai01.34.M.Sc.2013.Da.E | 01010110063649000 | 05.07.2024 | Thesis |